[Event "SRB-chT2 West"]
[Site "Arandjelovac"]
[Date "2018.09.09"]
[Round "5.3"]
[White "Acimovic, Radivoje"]
[Black "Tomic, Slobodan"]
[Result "1/2-1/2"]
[WhiteElo "1985"]
[BlackElo "1964"]
[PlyCount "25"]
[EventDate "2018.09.07"]
[EventType "team-tourn"]
[EventRounds "11"]
[EventCountry "SRB"]
[SourceTitle "EXT 2021"]
[Source "ChessBase"]
[SourceDate "2020.10.23"]
[SourceVersion "1"]
[SourceVersionDate "2020.10.23"]
[SourceQuality "1"]
[WhiteTeam "Lipnicki Sor Sloga"]
[BlackTeam "Smederevo"]
[WhiteTeamCountry "SRB"]
[BlackTeamCountry "SRB"]

1. e4 c5 2. Nf3 d6 3. d4 cxd4 4. Nxd4 Nf6 5. Nc3 a6 6. f3 e6 7. Be3 Be7 8. Qd2 0-0 9. 0-0-0 Nc6 10. Bc4 Bd7 11. Bb3 Qc7 12. Kb1 Rac8 13. g4 1/2-1/2

[Event "SRB-chT2 West"]
[Site "Arandjelovac"]
[Date "2018.09.08"]
[Round "2.2"]
[White "Osatovic, Aleksandar"]
[Black "Tomic, Slobodan"]
[Result "1-0"]
[WhiteElo "2169"]
[BlackElo "1964"]
[PlyCount "97"]
[EventDate "2018.09.07"]
[EventType "team-tourn"]
[EventRounds "11"]
[EventCountry "SRB"]
[SourceTitle "EXT 2021"]
[Source "ChessBase"]
[SourceDate "2020.10.23"]
[SourceVersion "1"]
[SourceVersionDate "2020.10.23"]
[SourceQuality "1"]
[WhiteTeam "Loznica Grad"]
[BlackTeam "Smederevo"]
[WhiteTeamCountry "SRB"]
[BlackTeamCountry "SRB"]

1. d4 Nf6 2. c4 e6 3. Nf3 d5 4. cxd5 exd5 5. Nc3 Be7 6. Bg5 0-0 7. Qc2 c6 8. e3 h6 9. Bh4 Ne4 10. Bg3 Bf5 11. Bd3 Nxg3 12. hxg3 Be6 13. 0-0-0 Nd7 14. Kb1 Rc8 15. Bf5 Bf6 16. Bxe6 fxe6 17. Qg6 Qe8 18. Rxh6 Qxg6+ 19. Rxg6 e5 20. dxe5 Nxe5 21. Nxe5 Bxe5 22. Rd2 Bxc3 23. bxc3 Rce8 24. Rg4 Rf7 25. Kc2 b6 26. Rf4 Rfe7 27. a4 Rb7 28. Kd3 Reb8 29. Ra2 a5 30. Kd4 Rd7 31. Rb2 Rdb7 32. g4 Rd8 33. g3 Rdb8 34. Ke5 Rd8 35. Ke6 b5 36. Rd4 Rb6 37. Ke7 Rdb8 38. axb5 Rxb5 39. Ra2 Rb3 40. c4 R8b4 41. Rxa5 Rb2 42. cxd5 Rxd4 43. exd4 cxd5 44. f4 Rb3 45. Rxd5 Rxg3 46. g5 Re3+ 47. Re5 Rf3 48. f5 Kh7 49. d5 1-0

[Event "Paracin Summer op-B 11th"]
[Site "Paracin"]
[Date "2018.07.10"]
[Round "5"]
[White "Tomic, Slobodan"]
[Black "Salem, Ahmed Salem"]
[Result "1/2-1/2"]
[WhiteElo "2009"]
[BlackElo "1791"]
[PlyCount "106"]
[EventDate "2018.07.06"]
[EventType "swiss"]
[EventRounds "9"]
[EventCountry "SRB"]
[SourceTitle "EXT 2019"]
[Source "ChessBase"]
[SourceDate "2018.10.10"]
[SourceVersion "1"]
[SourceVersionDate "2018.10.10"]
[SourceQuality "1"]

1. Nf3 Nf6 2. c4 e6 3. Nc3 Be7 4. d4 d5 5. e3 0-0 6. Bd3 dxc4 7. Bxc4 b6 8. 0-0 Bb7 9. Qe2 c5 10. Rd1 Nbd7 11. b3 Rc8 12. Bb2 Qc7 13. Rac1 Qb8 14. Ne5 Rfd8 15. f4 Nd5 16. Nxd5 Bxd5 17. Bxd5 exd5 18. Nxd7 Rxd7 19. dxc5 Bf8 20. cxb6 Rxc1 21. Rxc1 Qxb6 22. Bd4 Qb7 23. Qc2 Rd8 24. Qc7 Qxc7 25. Rxc7 a5 26. Kf2 f6 27. Bb6 Ra8 28. Bc5 a4 29. b4 a3 30. Bxf8 Kxf8 31. b5 Rb8 32. Rc5 Ke7 33. Rxd5 Rc8 34. Kf3 Rc2 35. b6 Rxa2 36. b7 Rb2 37. Ra5 Rxb7 38. Rxa3 f5 39. g4 fxg4+ 40. Kxg4 g6 41. h4 Kf7 42. e4 Re7 43. e5 Rb7 44. h5 Kg7 45. hxg6 hxg6 46. Rd3 Rb5 47. Rd7+ Kh6 48. Rf7 Rb1 49. Kf3 g5 50. Rf5 Rf1+ 51. Ke4 Rxf4+ 52. Rxf4 gxf4 53. Kxf4 Kg6 1/2-1/2

[Event "Paracin Summer op-B 11th"]
[Site "Paracin"]
[Date "2018.07.07"]
[Round "2"]
[White "Dimkovski, Stojancho"]
[Black "Tomic, Slobodan"]
[Result "1-0"]
[WhiteElo "1792"]
[BlackElo "2009"]
[PlyCount "89"]
[EventDate "2018.07.06"]
[EventType "swiss"]
[EventRounds "9"]
[EventCountry "SRB"]
[SourceTitle "EXT 2019"]
[Source "ChessBase"]
[SourceDate "2018.10.10"]
[SourceVersion "1"]
[SourceVersionDate "2018.10.10"]
[SourceQuality "1"]

1. Nf3 c5 2. c4 Nf6 3. Nc3 d5 4. cxd5 Nxd5 5. g3 Nc6 6. Nxd5 Qxd5 7. Bg2 g6 8. 0-0 Bg7 9. d3 Qd7 10. Rb1 0-0 11. Be3 b6 12. a3 Bb7 13. b4 cxb4 14. axb4 Ne5 15. Nxe5 Bxe5 16. Bxb7 Qxb7 17. Qb3 Rad8 18. Rfc1 Rc8 19. b5 Rfd8 20. Qa4 e6 21. Bg5 f6 22. Be3 Kf7 23. d4 Bb8 24. Rc6 Rxc6 25. bxc6 Qe7 26. Rc1 Rc8 27. Qa6 Re8 28. Qc4 Bc7 29. Qa6 Bb8 30. Bd2 Qd8 31. Bb4 Qc7 32. Qc4 a5 33. Ba3 Rd8 34. e4 b5 35. Qxb5 Rxd4 36. Qc5 Rd8 37. Rb1 Ba7 38. Qc2 Rc8 39. Rc1 Rb8 40. Rb1 Rc8 41. Rd1 Qb6 42. Rd7+ Kg8 43. c7 a4 44. Be7 Kf7 45. Bc5+ 1-0

[Event "Silver Lake op-B"]
[Site "Veliko Gradiste"]
[Date "2018.06.22"]
[Round "7"]
[White "Tomic, Slobodan"]
[Black "Minas, Ioannis"]
[Result "1/2-1/2"]
[WhiteElo "2015"]
[BlackElo "1964"]
[PlyCount "75"]
[EventDate "2018.06.17"]
[EventType "swiss"]
[EventRounds "9"]
[EventCountry "SRB"]
[SourceTitle "EXT 2019"]
[Source "ChessBase"]
[SourceDate "2018.10.10"]
[SourceVersion "1"]
[SourceVersionDate "2018.10.10"]
[SourceQuality "1"]

1. e4 d5 2. exd5 Nf6 3. d4 Bg4 4. Be2 Bxe2 5. Nxe2 Qxd5 6. 0-0 Nc6 7. Nbc3 Qf5 8. Ng3 Qg6 9. Nb5 0-0-0 10. f4 a6 11. a4 axb5 12. axb5 Nb8 13. c3 Nd5 14. Qe2 Qe6 15. Qxe6+ fxe6 16. Ne4 h6 17. Bd2 b6 18. Nf2 Nf6 19. Rfe1 Rd5 20. b4 g5 21. Rxe6 gxf4 22. Bxf4 Kb7 23. Bd2 Rh7 24. Nd3 Ne8 25. Nf4 Rd8 26. Ng6 Nd6 27. Rae1 Nxb5 28. Nxf8 Rxf8 29. Rxe7 Rfh8 30. d5 Nd6 31. Bf4 Nd7 32. R1e6 Rxe7 33. Rxe7 Kc8 34. Re6 Nf8 35. Rf6 Nd7 36. Re6 Nf8 37. Rf6 Nd7 38. Re6 1/2-1/2

[Event "Paracin Winter op"]
[Site "Paracin"]
[Date "2018.02.04"]
[Round "8"]
[White "Lazic, Milan B"]
[Black "Tomic, Slobodan"]
[Result "0-1"]
[WhiteElo "2006"]
[BlackElo "1998"]
[PlyCount "39"]
[EventDate "2018.01.30"]
[EventType "swiss"]
[EventRounds "9"]
[EventCountry "SRB"]
[SourceTitle "CBM 182 Extra"]
[Source "ChessBase"]
[SourceDate "2018.02.23"]
[SourceVersion "1"]
[SourceVersionDate "2018.02.23"]
[SourceQuality "1"]

1. e4 c5 2. c3 Nf6 3. e5 Nd5 4. d4 e6 5. Nf3 cxd4 6. Bc4 Nb6 7. Bb3 Nc6 8. 0-0 d6 9. cxd4 dxe5 10. dxe5 Qxd1 11. Rxd1 Be7 12. Nc3 0-0 13. Be3 Nd7 14. Bf4 h6 15. Nb5 Nc5 16. Rac1 Nxb3 17. axb3 a6 18. Nbd4 Nb4 19. Bd2 Nd5 20. Nf5 0-1

[Event "Paracin Winter op"]
[Site "Paracin"]
[Date "2018.02.04"]
[Round "9"]
[White "Tomic, Slobodan"]
[Black "Spasojevic, Zoran M"]
[Result "0-1"]
[WhiteElo "1998"]
[BlackElo "2217"]
[PlyCount "90"]
[EventDate "2018.01.30"]
[EventType "swiss"]
[EventRounds "9"]
[EventCountry "SRB"]
[SourceTitle "CBM 182 Extra"]
[Source "ChessBase"]
[SourceDate "2018.02.23"]
[SourceVersion "1"]
[SourceVersionDate "2018.02.23"]
[SourceQuality "1"]

1. d4 Nf6 2. g3 e6 3. Bg2 c5 4. e3 Be7 5. Nf3 0-0 6. 0-0 cxd4 7. exd4 Qc7 8. c3 b6 9. Ne5 Bb7 10. Bxb7 Qxb7 11. Qf3 Qxf3 12. Nxf3 Nc6 13. Bg5 Rfc8 14. Nbd2 d5 15. Ne5 h6 16. Bxf6 gxf6 17. Nxc6 Rxc6 18. a4 a6 19. f4 f5 20. Rf3 Rb8 21. Kf1 b5 22. axb5 axb5 23. b4 Rcc8 24. Ke2 Ra8 25. Rxa8 Rxa8 26. Kd3 Ra2 27. Rf1 f6 28. Re1 Kf7 29. Re2 Bd6 30. Nf3 Ra3 31. Kc2 Bxb4 32. cxb4 Rxf3 33. Rd2 Re3 34. Rg2 e5 35. fxe5 fxe5 36. dxe5 Ke6 37. Rf2 Kxe5 38. Kb2 h5 39. Kc2 h4 40. gxh4 f4 41. h5 Rh3 42. Re2+ Kd4 43. Re8 Rxh5 44. Rb8 Kc4 45. Rd8 Rxh2+ 0-1

[Event "Paracin Winter op"]
[Site "Paracin"]
[Date "2018.01.31"]
[Round "2"]
[White "Tomic, Slobodan"]
[Black "Brankovic, Dejan"]
[Result "0-1"]
[WhiteElo "1998"]
[BlackElo "2376"]
[PlyCount "36"]
[EventDate "2018.01.30"]
[EventType "swiss"]
[EventRounds "9"]
[EventCountry "SRB"]
[SourceTitle "CBM 182 Extra"]
[Source "ChessBase"]
[SourceDate "2018.02.23"]
[SourceVersion "1"]
[SourceVersionDate "2018.02.23"]
[SourceQuality "1"]

1. Nf3 Nf6 2. c4 g6 3. Nc3 Bg7 4. e4 d6 5. h3 e5 6. d3 0-0 7. Be3 c6 8. g4 h5 9. g5 Nh7 10. Qd2 Na6 11. 0-0-0 Qe7 12. Be2 Nc5 13. Rdg1 Re8 14. Ne1 Nf8 15. Nc2 Nfe6 16. f3 Nd4 17. Bd1 Ncb3+ 18. axb3 Nxb3+ 0-1

[Event "Paracin Winter op"]
[Site "Paracin"]
[Date "2018.01.30"]
[Round "1"]
[White "Tomic, Slobodan"]
[Black "Nikolic, Lazar"]
[Result "1-0"]
[WhiteElo "1998"]
[BlackElo "1546"]
[PlyCount "41"]
[EventDate "2018.01.30"]
[EventType "swiss"]
[EventRounds "9"]
[EventCountry "SRB"]
[SourceTitle "CBM 182 Extra"]
[Source "ChessBase"]
[SourceDate "2018.02.23"]
[SourceVersion "1"]
[SourceVersionDate "2018.02.23"]
[SourceQuality "1"]

1. Nf3 Nf6 2. c4 g6 3. Nc3 c5 4. d4 cxd4 5. Nxd4 Bg7 6. e4 d6 7. Be2 0-0 8. Be3 Bd7 9. f3 Nc6 10. Qd2 a6 11. 0-0 Re8 12. Rac1 Qc7 13. b3 Rac8 14. Rfd1 Red8 15. Nd5 Qb8 16. Nxc6 Bxc6 17. Nxe7+ Kh8 18. Nxc8 Qxc8 19. Bh6 b6 20. Bxg7+ Kxg7 21. Qd4 1-0

[Event "Paracin Summer op-B 10th"]
[Site "Paracin"]
[Date "2017.07.07"]
[Round "1"]
[White "Brankovic, Slavoljub"]
[Black "Tomic, Slobodan"]
[Result "1/2-1/2"]
[WhiteElo "1695"]
[BlackElo "2017"]
[PlyCount "44"]
[EventDate "2017.07.07"]
[EventType "swiss"]
[EventRounds "9"]
[EventCountry "SRB"]
[SourceTitle "EXT 2020"]
[Source "ChessBase"]
[SourceDate "2019.10.17"]
[SourceVersion "1"]
[SourceVersionDate "2019.10.17"]
[SourceQuality "1"]

1. d4 Nf6 2. c4 c5 3. Nf3 e6 4. Nc3 a6 5. Bg5 cxd4 6. Qxd4 Be7 7. g3 Nc6 8. Qd2 h6 9. Be3 d6 10. Bg2 Bd7 11. a3 Na5 12. Qd3 Qc7 13. Nd2 Rc8 14. 0-0 Bc6 15. b3 Bxg2 16. Kxg2 b5 17. Nce4 Nxe4 18. Qxe4 bxc4 19. b4 d5 20. Qc2 Nc6 21. Nf3 Bf6 22. Rad1 0-0 1/2-1/2

[Event "Veliko Gradiste Silver Lake op-B"]
[Site "Veliko Gradiste"]
[Date "2017.06.25"]
[Round "9"]
[White "Tomic, Slobodan"]
[Black "Kovacevic, Nikola R"]
[Result "1-0"]
[WhiteElo "2026"]
[BlackElo "1739"]
[PlyCount "109"]
[EventDate "2017.06.18"]
[EventType "swiss"]
[EventRounds "9"]
[EventCountry "SRB"]
[SourceTitle "CBM 179 Extra"]
[Source "ChessBase"]
[SourceDate "2017.08.23"]
[SourceVersion "1"]
[SourceVersionDate "2017.08.23"]
[SourceQuality "1"]

1. e4 d6 2. g3 Nf6 3. Bg2 g6 4. Nc3 Bg7 5. Nge2 e5 6. h3 Be6 7. d4 c6 8. Be3 a6 9. 0-0 0-0 10. Qd2 b5 11. a3 Qc7 12. Rfd1 c5 13. d5 Bc8 14. f4 Nbd7 15. f5 Nb6 16. g4 Nc4 17. Qc1 Nxe3 18. Qxe3 Ne8 19. Ng3 f6 20. Bf3 Qe7 21. Kg2 g5 22. Na2 Bb7 23. b3 Nc7 24. Be2 Rfb8 25. c4 Bc8 26. Rdb1 Bd7 27. Nc3 b4 28. Nd1 a5 29. a4 Bh6 30. Nf2 Bc8 31. Rh1 Rb7 32. Nd3 Na6 33. Ne1 Raa7 34. Nf3 Qf8 35. Bd3 Rg7 36. Be2 Rac7 37. h4 Rb7 38. hxg5 Bxg5 39. Nxg5 Rxg5 40. Rh5 Rbg7 41. Rah1 Qe7 42. Kf1 Qc7 43. R1h3 Nb8 44. Ke1 Nd7 45. Kd2 Nf8 46. Qf2 Re7 47. Rh6 Rf7 48. Nh5 Qe7 49. Qe3 Kh8 50. Nxf6 Rxf6 51. Qxg5 Rf7 52. Qxe7 Rxe7 53. Rxd6 Nd7 54. g5 Kg8 55. Bh5 1-0

[Event "Veliko Gradiste Silver Lake op-B"]
[Site "Veliko Gradiste"]
[Date "2017.06.22"]
[Round "6"]
[White "Bobusic, Milan"]
[Black "Tomic, Slobodan"]
[Result "1/2-1/2"]
[WhiteElo "1886"]
[BlackElo "2026"]
[PlyCount "62"]
[EventDate "2017.06.18"]
[EventType "swiss"]
[EventRounds "9"]
[EventCountry "SRB"]
[SourceTitle "CBM 179 Extra"]
[Source "ChessBase"]
[SourceDate "2017.08.23"]
[SourceVersion "1"]
[SourceVersionDate "2017.08.23"]
[SourceQuality "1"]

1. Nf3 Nf6 2. d4 g6 3. g3 Bg7 4. Bg2 0-0 5. 0-0 d6 6. c4 Nc6 7. Nc3 e5 8. e4 Bg4 9. d5 Nd4 10. h3 Nxf3+ 11. Bxf3 Bxh3 12. Re1 h5 13. Bh1 Nh7 14. Be3 b6 15. Qd2 Bd7 16. f3 f5 17. Re2 Nf6 18. Bg5 Qe8 19. Rf1 Nh7 20. Be3 Qf7 21. f4 exf4 22. gxf4 Rae8 23. Rff2 Bxc3 24. Qxc3 fxe4 25. Bd4 Bf5 26. Rf1 Nf6 27. Rfe1 Re7 28. Bg2 a5 29. a3 Bg4 30. Re3 Bf5 31. R3e2 Bg4 1/2-1/2

[Event "Veliko Gradiste Silver Lake op-B"]
[Site "Veliko Gradiste"]
[Date "2017.06.18"]
[Round "1"]
[White "Tomic, Slobodan"]
[Black "Muskinja, Luka"]
[Result "1/2-1/2"]
[WhiteElo "2026"]
[BlackElo "1638"]
[PlyCount "59"]
[EventDate "2017.06.18"]
[EventType "swiss"]
[EventRounds "9"]
[EventCountry "SRB"]
[SourceTitle "CBM 179 Extra"]
[Source "ChessBase"]
[SourceDate "2017.08.23"]
[SourceVersion "1"]
[SourceVersionDate "2017.08.23"]
[SourceQuality "1"]

1. Nf3 Nf6 2. c4 g6 3. Nc3 d6 4. d4 Bg7 5. g3 Bf5 6. Nh4 Bd7 7. Bg2 Nc6 8. 0-0 0-0 9. h3 Qc8 10. Kh2 Nxd4 11. e4 e5 12. Be3 c5 13. Qd2 Qc7 14. f4 Rad8 15. fxe5 dxe5 16. Bg5 Qd6 17. Qf2 Be6 18. Bxf6 Bxf6 19. Qxf6 Bxc4 20. Qxd6 Rxd6 21. Rf2 Nb5 22. Rc1 b6 23. Nxb5 Bxb5 24. Bf1 Bc6 25. Nf3 Re8 26. Nd2 Red8 27. Rc2 Rd4 28. Nf3 Rxe4 29. Ng5 Re1 30. Nxf7 1/2-1/2

[Event "SRB Central-ch op-B 9th"]
[Site "Paracin"]
[Date "2016.07.14"]
[Round "9"]
[White "Ostojic, Milos R"]
[Black "Tomic, Slobodan"]
[Result "1-0"]
[WhiteElo "2025"]
[BlackElo "2032"]
[PlyCount "173"]
[EventDate "2016.07.07"]
[EventType "swiss"]
[EventRounds "9"]
[EventCountry "SRB"]
[SourceTitle "CBM 173 Extra"]
[Source "ChessBase"]
[SourceDate "2016.08.29"]
[SourceVersion "1"]
[SourceVersionDate "2016.08.29"]
[SourceQuality "1"]

1. e4 c5 2. c3 Nf6 3. e5 Nd5 4. d4 cxd4 5. cxd4 d6 6. Nf3 e6 7. Bc4 Nc6 8. 0-0 Be7 9. Qe2 0-0 10. Re1 Bd7 11. Qe4 dxe5 12. dxe5 Nb6 13. Bb3 Na5 14. Bc2 g6 15. Bh6 Re8 16. Nbd2 Rc8 17. Rad1 Bc6 18. Qg4 Qc7 19. Be4 Nd5 20. h4 Bd7 21. Ng5 Nc6 22. Bxd5 exd5 23. e6 fxe6 24. Nxe6 Bxh4 25. Qxh4 Bxe6 26. Nf3 Qf7 27. Bd2 Bf5 28. Bc3 Rxe1+ 29. Rxe1 Rf8 30. Nd4 Re8 31. Rd1 Re4 32. Qg3 Nxd4 33. Rxd4 Rxd4 34. Bxd4 Qe6 35. Qc7 Qd7 36. Qe5 h5 37. Qh8+ Kf7 38. Qg7+ Ke8 39. Qh8+ Kf7 40. Qf6+ Ke8 41. Bc5 Qe6 42. Qf8+ Kd7 43. Qb8 Qc6 44. Qxa7 Qc7 45. Qa4+ Qc6 46. Qd4 Qe6 47. Qg7+ Kc6 48. Be3 Qe4 49. Qf6+ Qe6 50. Qc3+ Kd7 51. Qb4 Qc6 52. a4 Kc8 53. Qf8+ Kd7 54. Qf7+ Kc8 55. Qf8+ Kd7 56. Qb4 Kc8 57. Qa5 Kd7 58. b4 Qd6 59. Bd4 Ke6 60. b5 h4 61. Qe1+ Kd7 62. Qc3 h3 63. gxh3 Qe6 64. Kh2 Qe2 65. Bc5 Be4 66. Qg7+ Ke6 67. Qe7+ Kf5 68. Qd7+ Ke5 69. Qe7+ Kf5 70. Bd4 Bf3 71. Qf6+ Ke4 72. Kg3 Bh5 73. Qe5+ Kd3 74. Qxd5 Qe4 75. Qxe4+ Kxe4 76. Be3 Kd5 77. f3 Kc4 78. Bd2 Kc5 79. Kf4 g5+ 80. Kxg5 Bxf3 81. h4 Bd1 82. Be3+ Kc4 83. h5 Bxa4 84. b6 Bc2 85. Kf6 Kd3 86. Bf2 Ke2 87. Bg1 1-0

[Event "SRB Central-ch op-B 9th"]
[Site "Paracin"]
[Date "2016.07.12"]
[Round "6"]
[White "Tomic, Slobodan"]
[Black "Mijajlovic, Jovan"]
[Result "1/2-1/2"]
[WhiteElo "2032"]
[BlackElo "1881"]
[PlyCount "97"]
[EventDate "2016.07.07"]
[EventType "swiss"]
[EventRounds "9"]
[EventCountry "SRB"]
[SourceTitle "CBM 173 Extra"]
[Source "ChessBase"]
[SourceDate "2016.08.29"]
[SourceVersion "1"]
[SourceVersionDate "2016.08.29"]
[SourceQuality "1"]

1. e4 c5 2. Nc3 e6 3. d3 Be7 4. g3 h5 5. h4 a6 6. Bg2 d6 7. Be3 Nc6 8. Qd2 Bd7 9. Nge2 Nf6 10. f3 b5 11. d4 cxd4 12. Nxd4 Qc7 13. Nxc6 Bxc6 14. Qf2 d5 15. exd5 Nxd5 16. Nxd5 Bxd5 17. 0-0 Rc8 18. c3 Bd6 19. f4 Bxg2 20. Kxg2 Qe7 21. Rad1 Bc5 22. Rd3 Bxe3 23. Qxe3 Rc5 24. Rfd1 Rc8 25. Qb6 0-0 26. a3 Qf6 27. Qxa6 Qf5 28. Qb7 e5 29. fxe5 Qxe5 30. Qf3 g6 31. Re3 Qc7 32. Rde1 Rcd8 33. R1e2 Qc4 34. Qe4 Qa2 35. Qc2 Rd6 36. Rd2 Rf6 37. Qe4 Re6 38. Qf3 Rfe8 39. Rxe6 Qxe6 40. Rf2 Re7 41. Qd3 Qc6+ 42. Qf3 Qe8 43. Kh2 Re3 44. Qf4 Re5 45. Qd4 Re1 46. Qf6 Qd7 47. Qf3 Qe8 48. Qf6 Re6 49. Qf4 1/2-1/2

[Event "SRB Central-ch op-B 9th"]
[Site "Paracin"]
[Date "2016.07.09"]
[Round "4"]
[White "Tomic, Slobodan"]
[Black "Krstic, Milos D"]
[Result "1-0"]
[WhiteElo "2032"]
[BlackElo "1966"]
[PlyCount "129"]
[EventDate "2016.07.07"]
[EventType "swiss"]
[EventRounds "9"]
[EventCountry "SRB"]
[SourceTitle "CBM 173 Extra"]
[Source "ChessBase"]
[SourceDate "2016.08.29"]
[SourceVersion "1"]
[SourceVersionDate "2016.08.29"]
[SourceQuality "1"]

1. e4 c5 2. Nc3 Nc6 3. g3 g6 4. Bg2 Bg7 5. d3 d6 6. Be3 Nf6 7. h3 Be6 8. Nge2 Qa5 9. Qd2 Bd7 10. 0-0 0-0 11. f4 Ne8 12. d4 cxd4 13. Nxd4 Nxd4 14. Bxd4 Qb4 15. Bxg7 Kxg7 16. a3 Qb6+ 17. Kh2 Rc8 18. Rab1 Qc5 19. Rf2 a6 20. e5 Bc6 21. Bxc6 Rxc6 22. Re1 dxe5 23. Rxe5 Qd6 24. Qxd6 exd6 25. Re7 b5 26. Nd5 Rc5 27. Rd2 Kg8 28. c3 f5 29. Rxe8 Rxe8 30. Nf6+ Kf7 31. Nxe8 Kxe8 32. Rxd6 a5 33. Rd4 Ke7 34. Kg2 h6 35. h4 Rc6 36. Kf2 Kf6 37. Ke2 g5 38. hxg5+ hxg5 39. Kd2 gxf4 40. gxf4 Ke6 41. a4 bxa4 42. Rxa4 Rc5 43. Rd4 Rb5 44. Kc2 Rb6 45. b3 Rb5 46. c4 Rb4 47. Kc3 Rb6 48. Rd5 Ra6 49. Kb2 a4 50. b4 a3+ 51. Ka2 Ra4 52. Rb5 Kd6 53. c5+ Kc6 54. Rb6+ Kc7 55. b5 Rxf4 56. Rf6 Ra4 57. b6+ Kb7 58. Rf7+ Kc6 59. Rc7+ Kd5 60. b7 Rb4 61. c6 f4 62. Rc8 f3 63. b8Q Rxb8 64. Rxb8 Kxc6 65. Rf8 1-0

[Event "Paracin-ch"]
[Site "Paracin"]
[Date "2016.01.21"]
[Round "4"]
[White "Tomic, Slobodan"]
[Black "Tuovic, Milos"]
[Result "1-0"]
[WhiteElo "2037"]
[BlackElo "1690"]
[PlyCount "82"]
[EventDate "2016.01.19"]
[EventType "swiss"]
[EventRounds "9"]
[EventCountry "SRB"]
[SourceTitle "CBM 170 Extra"]
[Source "ChessBase"]
[SourceDate "2016.02.25"]
[SourceVersion "1"]
[SourceVersionDate "2016.02.25"]
[SourceQuality "1"]

1. d4 d5 2. Nf3 Nf6 3. b3 e6 4. Bb2 c5 5. e3 a6 6. a4 Nc6 7. g3 Be7 8. Bg2 0-0 9. 0-0 b6 10. Nbd2 Bb7 11. Qe2 Qc7 12. Rac1 Rac8 13. Rfd1 Rfd8 14. c4 Qb8 15. cxd5 Nxd5 16. dxc5 bxc5 17. e4 Ndb4 18. Nc4 Rxd1+ 19. Rxd1 Rd8 20. Rd2 f6 21. e5 Kf7 22. Bh3 f5 23. Qd1 Rxd2 24. Qxd2 Nd5 25. Bxf5 h6 26. Be4 Ncb4 27. Qe2 Nc7 28. Nd6+ Bxd6 29. exd6 Ncd5 30. Ne5+ Kg8 31. Qh5 Qf8 32. Qg6 Nf6 33. Bxb7 Qxd6 34. Nf3 Nbd5 35. Bxd5 exd5 36. Nh4 d4 37. Qxg7+ Kxg7 38. Nf5+ Kf7 39. Nxd6+ Ke6 40. Nc4 Kd5 41. f3 Nd7 1-0

[Event "SRB Central-ch op-B 8th"]
[Site "Paracin"]
[Date "2015.07.07"]
[Round "6"]
[White "Tomte, Asbjorn"]
[Black "Tomic, Slobodan"]
[Result "1-0"]
[WhiteElo "1914"]
[BlackElo "2061"]
[PlyCount "103"]
[EventDate "2015.07.03"]
[EventType "swiss"]
[EventRounds "9"]
[EventCountry "SRB"]
[SourceTitle "CBM 167 Extra"]
[Source "ChessBase"]
[SourceDate "2015.09.14"]
[SourceVersion "1"]
[SourceVersionDate "2015.09.14"]
[SourceQuality "1"]

1. d4 Nf6 2. c4 g6 3. Nc3 Bg7 4. e4 d6 5. f4 0-0 6. Nf3 Bg4 7. Be2 c6 8. h3 Bxf3 9. Bxf3 e5 10. fxe5 dxe5 11. d5 Qa5 12. Qe2 Nbd7 13. Be3 a6 14. 0-0 c5 15. g4 Qc7 16. Rac1 Qd6 17. g5 Ne8 18. Bg4 b6 19. Rf2 Nc7 20. h4 f6 21. Rcf1 fxg5 22. hxg5 Rxf2 23. Rxf2 Rf8 24. Rh2 Rf7 25. Qg2 Nf8 26. a4 Re7 27. Qf1 Rf7 28. Qh3 Re7 29. Qf1 Rf7 30. Qe2 Nd7 31. a5 Bf8 32. Na4 b5 33. cxb5 Nxb5 34. Be6 Kg7 35. Bxf7 Kxf7 36. Rxh7+ Kg8 37. Rh2 Nd4 38. Qg4 Qe7 39. Bxd4 exd4 40. Rf2 Kg7 41. Qf4 Ne5 42. Qxf8+ Qxf8 43. Rxf8 Kxf8 44. Nxc5 Nf3+ 45. Kf2 Nxg5 46. e5 Nf7 47. e6 Nd6 48. Nxa6 Ke7 49. Nb4 Nc8 50. Nc6+ Kd6 51. e7 Kd7 52. Kf3 1-0

[Event "Veliko Gradiste Silver Lake op-B"]
[Site "Veliko Gradiste"]
[Date "2015.06.25"]
[Round "6"]
[White "Jankovic, Uros"]
[Black "Tomic, Slobodan"]
[Result "1-0"]
[WhiteElo "1840"]
[BlackElo "2063"]
[PlyCount "99"]
[EventDate "2015.06.20"]
[EventType "swiss"]
[EventRounds "9"]
[EventCountry "SRB"]
[SourceTitle "CBM 167 Extra"]
[Source "ChessBase"]
[SourceDate "2015.09.14"]
[SourceVersion "1"]
[SourceVersionDate "2015.09.14"]
[SourceQuality "1"]

1. d4 Nf6 2. c4 c5 3. d5 b5 4. Qc2 bxc4 5. e4 d6 6. Bxc4 g6 7. f4 Bg7 8. Nf3 0-0 9. 0-0 Ba6 10. Na3 Bxc4 11. Qxc4 Nbd7 12. Re1 Nb6 13. Qc2 Qd7 14. Rb1 Rfc8 15. b3 Nh5 16. Nc4 Nf6 17. Bd2 e6 18. dxe6 fxe6 19. Nxd6 Qxd6 20. e5 Qc6 21. exf6 Bxf6 22. Bc3 Rf8 23. Bxf6 Rxf6 24. Ne5 Qd6 25. Rbd1 Nd5 26. Qe4 Kg7 27. g3 h5 28. Nf3 Rb8 29. Ng5 Rb6 30. Qa4 Qc6 31. Qxc6 Rxc6 32. Nxe6+ Rcxe6 33. Rxe6 Rxe6 34. Rxd5 Ra6 35. Rd2 Kf6 36. Kf2 Rc6 37. Kf3 Ke6 38. Ke4 a5 39. Rc2 Kd6 40. f5 g5 41. Rd2+ Ke7 42. Ke5 a4 43. f6+ Kf7 44. Rd6 Rc7 45. Kf5 axb3 46. axb3 c4 47. bxc4 g4 48. Re6 Rxc4 49. Re7+ Kf8 50. Kg6 1-0

[Event "Veliko Gradiste Silver Lake op-B"]
[Site "Veliko Gradiste"]
[Date "2015.06.23"]
[Round "4"]
[White "Zivkovic, Momcilo"]
[Black "Tomic, Slobodan"]
[Result "1/2-1/2"]
[WhiteElo "2053"]
[BlackElo "2063"]
[PlyCount "103"]
[EventDate "2015.06.20"]
[EventType "swiss"]
[EventRounds "9"]
[EventCountry "SRB"]
[SourceTitle "CBM 167 Extra"]
[Source "ChessBase"]
[SourceDate "2015.09.14"]
[SourceVersion "1"]
[SourceVersionDate "2015.09.14"]
[SourceQuality "1"]

1. e4 c5 2. c3 d5 3. exd5 Qxd5 4. d4 e6 5. Nf3 Nc6 6. Na3 a6 7. Nc4 Qd8 8. Be3 b5 9. Nce5 Nxe5 10. Nxe5 Qc7 11. Be2 Bb7 12. 0-0 Bd6 13. Bf3 Nf6 14. Bxb7 Qxb7 15. Qf3 Qxf3 16. Nxf3 c4 17. a4 0-0 18. Nd2 Rfc8 19. Ra2 b4 20. a5 Rc6 21. Ra4 Nd5 22. Ne4 Be7 23. cxb4 Bxb4 24. Rc1 Rb8 25. g3 Rb5 26. Bd2 Bxd2 27. Nxd2 c3 28. bxc3 Nxc3 29. Kg2 Rb8 30. Ne4 Rbc8 31. Rxc3 Rxc3 32. Nxc3 Rxc3 33. Rb4 g6 34. Rb6 Rc4 35. Rxa6 Rxd4 36. Ra8+ Kg7 37. Kf3 h5 38. Ke3 Ra4 39. a6 Kf6 40. Kd3 Ra2 41. a7 Ra4 42. Kc3 Ke5 43. Kb3 Ra1 44. f3 Kf5 45. Kc4 Kf6 46. Kc5 Rc1+ 47. Kb6 Rb1+ 48. Kc5 Rc1+ 49. Kd4 Rd1+ 50. Kc3 Ra1 51. Kb2 Ra6 52. Kb3 1/2-1/2